| 000 | 00616nam a22001937a 4500 | ||
|---|---|---|---|
| 999 |
_c169776 _d169776 |
||
| 005 | 20191203154355.0 | ||
| 010 | _aA-645371 | ||
| 020 |
_c20.00 _a- |
||
| 035 | _aA-645371 | ||
| 037 |
_bBPPD/Pub. _a- |
||
| 082 | _a270.35 | ||
| 100 | _aا لحاج آ فتاب ا حمد | ||
| 245 |
_aر ہبر عا لم _cا لحاج آ فتاب ا حمد |
||
| 246 |
_bRehber Aalam (Urdu) _aby Alhaj Aftab Ahmed |
||
| 260 |
_aN. Delhi _bZafer Ahmed _c1993 ء |
||
| 270 |
_aNazer Book Depot,Hazrat Nizamuddin, _bN.Delhi _e- _k- _l- |
||
| 300 |
_a140 ص _c22 Cm(Hb) |
||
| 942 |
_2ddc _cUR _h270.35 _mآ ف ت |
||